000 00498nam a2200205Ia 4500
008 170918s9999 xx 000 0 und d
020 _a590477641
050 _bP233 1963
100 _aParish, Peggy
245 _aAmelia Bedelia /
245 _cPeggy Parish ; pictures by Fritz Siebel.
260 _aNew York :
260 _bScholastic,
260 _c1963
300 _a63 pages :
300 _bcolored illustration ;
300 _c22cm.
440 _aAmelia Bedelia.
500 _a130
999 _c340993
_d340993